000
00292nam a22001337a 4500
008
170502b xxu||||| |||| 00| 0 eng d
020
_a
9780674004856
041
_a
eng
080
_a
34
100
_a
13
101
_a
SHJ
245
_a
FRONTIERS LEGAL THEORY
_c
RICHARD.A
942
_2
udc
_c
BK
999
_c
12400
_d
12400